Regional (Record no. 76483)

MARC details
000 -LEADER
fixed length control field 00604cab a2200181 4500
001 - CONTROL NUMBER
control field ##L132510
008 - FIXED-LENGTH DATA ELEMENTS--GENERAL INFORMATION
fixed length control field 060214n2006 000 0 eng u
035 ## - SYSTEM CONTROL NUMBER
System control number (Sirsi) u132510
041 0# - LANGUAGE CODE
Language code of text/sound track or separate title eng
245 00 - TITLE STATEMENT
Title Regional
Remainder of title Midtown, Euston and Kings Cross
260 ## - PUBLICATION, DISTRIBUTION, ETC.
Date of publication, distribution, etc. 2006
490 #0 - SERIES STATEMENT
Series statement Property Week
Volume/sequential designation 71(6) 10 February 2006, 95-107(7)
520 ## - SUMMARY, ETC.
Summary, etc. Reviews progress on the regeneration of Kings Cross, the redevelopment of Euston and growth in the Midtown office market.
590 ## - LOCAL NOTE (RLIN)
Local note IKA140206
650 ## - SUBJECT ADDED ENTRY--TOPICAL TERM
Topical term or geographic name entry element MIDTOWN
690 ## - LOCAL SUBJECT ADDED ENTRY--TOPICAL TERM (OCLC, RLIN)
Topical term or geographic name as entry element PROPERTY-COMMERCIAL PROPERTY-COMMERCIAL PROPERTY MARKET
942 ## - ADDED ENTRY ELEMENTS (KOHA)
Suppress in OPAC 0
Holdings
Withdrawn status Lost status Source of classification or shelving scheme Damaged status Not for loan Home library Current library Shelving location Date acquired Total Checkouts Full call number Barcode Date last seen Copy number Price effective from Koha item type
    Dewey Decimal Classification     London London Journal article 14/02/2006   L132510 132510-1001 06/08/2019 1 06/08/2019 Journal article